| 000 | 00461nab a2200145Ia 4500 | ||
|---|---|---|---|
| 003 | ES-SlBCS | ||
| 005 | 20210601130449.0 | ||
| 008 | 140529s1962 xxu||||| |||| 00| 0 fre d | ||
| 041 | _afre | ||
| 100 | 1 |
_aDevaux, André-A. _97835 |
|
| 245 | 0 | 0 |
_aIdéalisme critique et positivisme phénoménologique _c André-A. Dévaux |
| 650 | 0 | 4 |
_aIdealismo Crítico _9173299 |
| 773 | 0 |
_tGiornali di Metafisica _gvol. 17, nº. 1-2, 1962, págs. 72-91 _w0017-0372 |
|
| 942 | _cAR | ||
| 999 |
_c547114 _d547114 |
||